00530cam a2200169 a 450000100100000000500170001000800410002702000150006804000250008308200200010810000390012824500520016726000610021930000180028065000300029865000320032800001001620200929161813.0800319s1979 pr 000 p spa d a844992815X aDO-SdBNPbspacBNPHU aPR861.44bM433c1 aMatos Paoli, Francisco.d1915-200013aLa caída del clavel /cFrancisco Matos Paoli. aSan Juan, Puerto Rico :bEdiciones Juan Ponce de León. a148 ;c22 cm. 4aPoesía puertorriqueña 4aLiteratura puertorriqueña